| 000 | 01182cam a2200385 i 4500 | ||
|---|---|---|---|
| 001 | 22874075 | ||
| 003 | NUST | ||
| 005 | 20260225141558.0 | ||
| 008 | 221121s2022 pk a 000 0 eng d | ||
| 010 | _a 2022286869 | ||
| 015 |
_aGBC2F0209 _2bnb |
||
| 016 | 7 |
_a020724313 _2Uk |
|
| 020 |
_a9789697341825 _q(pbk.) |
||
| 020 |
_a9697341826 _q(pbk.) |
||
| 035 | _a22874075 | ||
| 035 | _a(OCoLC)1346320931 | ||
| 040 |
_aUKMGB _beng _cUKMGB _erda _dDLC |
||
| 042 | _alccopycat | ||
| 050 | 0 | 0 |
_aQA611 _b.M76 2022 |
| 082 | 0 | 4 |
_a514 _bMUH |
| 100 | 1 |
_aMuhammad, Noor, _d1951-2004, _eauthor. _9133253 |
|
| 245 | 1 | 0 |
_aTopology for beginners / _cNoor Muhammad, Asghar Qadir, Imran Parvez Khan. |
| 264 | 1 |
_aKarachi : _bOxford University Press, _c2022. |
|
| 300 |
_a194 pages : _billustrations ; _c24 cm |
||
| 336 |
_atext _2rdacontent |
||
| 336 |
_astill image _2rdacontent |
||
| 337 |
_aunmediated _2rdamedia |
||
| 338 |
_avolume _2rdacarrier |
||
| 590 | _6. | ||
| 650 | 0 |
_aTopology. _98513 |
|
| 700 | 1 |
_aQadir, Asghar, _eauthor. _98696 |
|
| 700 | 1 |
_aKhan, Imran Parvez, _eauthor. _9133254 |
|
| 906 |
_a7 _bcbc _ccopycat _d2 _encip _f20 _gy-gencatlg |
||
| 942 |
_2ddc _cBK _e1st _k514 MUH |
||
| 999 |
_c616420 _d616420 |
||